000
00269nam a22001217a 4500
008
190205b xxu||||| |||| 00| 0 eng d
041
_a
eng
080
_a
338
100
_a
52
101
_a
MNG
245
_a
Public Personnel Management
_c
Klinger, D.E
942
_2
udc
_c
BK
999
_c
53995
_d
53995